Qué quieren las imágenes?: una crítica de la cultura visual

Guardat en:
Dades bibliogràfiques
Autor principal: Mitchell, William John Thomas (autor)
Format: Llibre
Idioma:espanyol
Publicat: Buenos Aires Sans Soleil Ediciones 2017
Edició:1a. ed
Col·lecció:Colección Pigmalión, 8
Matèries:
Etiquetes: Afegir etiqueta
Sense etiquetes, Sigues el primer a etiquetar aquest registre!

MARC

LEADER 00000cam a2200000 a 4500
001 UCC1042
003 CL-VaPUC
008 170922e20170000ag |||||||||||||||||spa|d
020 |a 9789873923111 
082 0 4 |a 700.1  |b MIT  |2 21 
100 |a Mitchell, William John Thomas  |e autor  |9 595015 
245 1 0 |a Qué quieren las imágenes?: una crítica de la cultura visual 
250 |a 1a. ed 
300 |a 441 p 
942 |c BK 
945 |d 20170922 16:51:00  |a arojas 
260 |a Buenos Aires  |b Sans Soleil Ediciones  |c 2017 
650 0 |a Imágenes   |9 361884 
650 0 |a Estética   |9 264950 
650 0 |a Arte moderno  |9 265333 
650 0 |a Posmodernismo   |9 330532 
650 0 |a Crítica e interpretación   |9 255042 
583 |a last modification  |c 20170922 16:51:00  |k Rodrigo Vera 
490 0 |a Colección Pigmalión, 8 
999 |c 369634  |d 369632 
952 |0 0  |1 0  |3 erb  |4 0  |6 700_100000000000000_MIT_2017  |7 0  |8 A  |9 485563  |a BIBART  |b BIBART  |i 5424631  |l 13  |m 2  |o 700.1 MIT 2017  |p 5424631  |q 2025-07-31  |r 2025-03-13  |s 2024-12-19  |w 2019-11-24  |y BK  |z Catalogado en:20170922  |k ART 
952 |0 0  |1 0  |3 erb  |4 0  |6 700_100000000000000_MIT_2017  |7 0  |8 A  |9 485564  |a FDOPOS  |b BIBEDU  |i 5429358  |l 5  |m 4  |o 700.1 MIT 2017  |p 5429358  |r 2025-01-22  |s 2024-03-04  |w 2019-11-24  |y BK  |z Catalogado en:20171020  |k DLH